PRÍSPEVOK K ŠTÚDIU VZŤAHU TRÁV A ĎATELINOVÍN

Bibliographic Details
Main Author: Gáborčík, N. (Author)
Format: Article
Language:Slovak

MARC

LEADER 00000naa a2200000uu 4500
001 vtls010931704
003 SK-MaSNL
005 20260302122255.0
008 210902|2004 xo |||||||||||||||||slo|
015 |a SNBRA 
035 |a (urnnbn)urn:nbn:sk:snk:ar-a0b4ch 
035 |a (uuid)4da46aad-4394-4d24-8859-4dec7c914a8c 
035 |a urn:nbn:sk:snk-aatwu4 
040 |a SNKBUCL  |b slo  |c SNKBUCL  |e AACR2 
041 0 |a slo 
044 |a xo  |c SK 
100 1 |a Gáborčík, N.  |4 aut  |9 784697 
245 1 0 |a PRÍSPEVOK K ŠTÚDIU VZŤAHU TRÁV A ĎATELINOVÍN  |c N. Gáborčík 
246 3 |a CONTRLBUTION TO THE STUDY OF GRASS/LEGUME RELATIONSHIPS 
773 0 |t Produkčné, ekologické a krajinotvorné funkcie trávnych ekosystémov a kŕmnych plodín  |d Nitra : Slovenská poľnohospodárska univerzita, 2004  |g S. 44-53  |z 8080694095 
958 |a OND 
958 |a article11 
958 |a chapter 
999 |c 1277310  |d 1279240